Comportamiento sísmico de un puente genérico con aisladores sísmicos tipo péndulo de fricción de curvatura simple
שמור ב:
| מחבר ראשי: | |
|---|---|
| מחברים אחרים: | |
| פורמט: | ספר |
| שפה: | Spanish |
| יצא לאור: |
[San José], Costa Rica,
2021
|
| נושאים: | |
| תגים: |
הוספת תג
אין תגיות, היה/י הראשונ/ה לתייג את הרשומה!
|
MARC
| LEADER | 00000nam a2200000Ia 4500 | ||
|---|---|---|---|
| 003 | 013367 | ||
| 005 | 20230328082501.0 | ||
| 008 | 140116s2021 cr a 000 ||spa d | ||
| 040 | |c cru CEDI | ||
| 100 | |a Jiménez Marín, Sebastián, 1997- |9 390 | ||
| 245 | |a Comportamiento sísmico de un puente genérico con aisladores sísmicos tipo péndulo de fricción de curvatura simple | ||
| 260 | |a [San José], Costa Rica, |c 2021 | ||
| 500 | |a Proyecto de graduación (licenciatura en ingeniería civil)--Universidad de Costa Rica. Facultad de Ingeniería. Escuela de Ingeniería Civil | ||
| 501 | |a Director de Proyecto de Graduación: Ing. Rolando Castillo Barahona, PhD. | ||
| 650 | |x PUENTES - PRUEBAS |x DISIPACION DE LA ENERGIA - MEDICIONES |x INGENIERIA DE ESTRUCTURAS |x CONSTRUCCIONES ANTISISMICAS |x AISLADORES SISMICOS |x AISLADORES ELECTOMERICOS-DISEÑO |x ONDAS SISMICAS | ||
| 700 | |9 97 |a Castillo Barahona, Rolando |d Director del TFG | ||
| 942 | |c CEDI |h TFG 8518 |6 TFG_8518_000000000000000 | ||
| 999 | |c 21869 |d 21869 | ||
